| 000 | 005180000a22001570004500 | ||
|---|---|---|---|
| 003 | MACL | ||
| 005 | 20150823145346.0 | ||
| 008 | 150823b xxu||||| |||| 00| 0 eng d | ||
| 040 |
_aMACL _cMACL |
||
| 100 |
_aजैन, डा. निर्मल, _97093 |
||
| 245 | _aजैनेन्द्र की श्रेष्ठ कहानियां | ||
| 260 |
_bपूर्वोदय प्रकाशन _c1997 |
||
| 350 | _a125 | ||
| 650 |
_aस्टोरिज _97094 |
||
| 942 |
_cBK _k800/JAI/S _2ddc |
||
| 999 |
_c12219 _d12219 |
||